Contractors file 2010 (Record no. 110938)
[ view plain ]
| 000 -LEADER | |
|---|---|
| fixed length control field | 00891cam a2200193 4500 |
| 001 - CONTROL NUMBER | |
| control field | L150650 |
| 008 - FIXED-LENGTH DATA ELEMENTS--GENERAL INFORMATION | |
| fixed length control field | 100809n2010 000 0 eng u |
| 035 ## - SYSTEM CONTROL NUMBER | |
| System control number | (Sirsi) u150650 |
| 041 0# - LANGUAGE CODE | |
| Language code of text/sound track or separate title | eng |
| 110 20 - MAIN ENTRY--CORPORATE NAME | |
| Corporate name or jurisdiction name as entry element | New Civil Engineer |
| 9 (RLIN) | 566 |
| 240 00 - UNIFORM TITLE | |
| Uniform title | NCE contractors file 2010 |
| 245 00 - TITLE STATEMENT | |
| Title | Contractors file 2010 |
| 260 ## - PUBLICATION, DISTRIBUTION, ETC. | |
| Place of publication, distribution, etc. | London |
| Name of publisher, distributor, etc. | EMAP |
| Date of publication, distribution, etc. | 2010 |
| 520 ## - SUMMARY, ETC. | |
| Summary, etc. | Includes the Market Report: NCE's exclusive analysis of the civils contracting market; Contractors of the Year Awards 2010; A-Z listing of 144 top civil engineering contractors in Britain; civil engineers ranked by turnover, profits, order book, overall turnover, engineers employed, overall profit, workforce, roads, rail, ports, water and waste, flood defence, energy, airports. |
| 650 24 - SUBJECT ADDED ENTRY--TOPICAL TERM | |
| Topical term or geographic name entry element | NCE CONTRACTORS FILE 2010 |
| 651 #4 - SUBJECT ADDED ENTRY--GEOGRAPHIC NAME | |
| Geographic name | United Kingdom |
| Chronological subdivision | |
| 690 ## - LOCAL SUBJECT ADDED ENTRY--TOPICAL TERM (OCLC, RLIN) | |
| Topical term or geographic name as entry element | BUILT ENVIRONMENT-ENGINEERING-CIVIL ENGINEERING |
| 942 ## - ADDED ENTRY ELEMENTS (KOHA) | |
| Suppress in OPAC | 0 |
| Withdrawn status | Lost status | Source of classification or shelving scheme | Damaged status | Not for loan | Home library | Current library | Shelving location | Date acquired | Total Checkouts | Full call number | Barcode | Date last seen | Copy number | Price effective from | Koha item type |
|---|---|---|---|---|---|---|---|---|---|---|---|---|---|---|---|
| Dewey Decimal Classification | London | London | Books | 09/08/2010 | L150650 | 150650-1001 | 06/08/2019 | 1 | 06/08/2019 | Book |